Oslobodzovanie Slovenska 226 dní bojov od Kalinova po Makov

Bibliographic Details
Main Author: Maniak, Marcel, 1975- (Author)
Format: Book
Language:Slovak
PhysicalDescription:303 strán faksimile, fotografie, portréty 22 cm
Published: Poprad TabitaArt 2025
ISBN:9788097380458
Subjects:

MARC

LEADER 00000cam a2200000 4500
001 vtls012290178
003 SK-MaSNL
005 20260506100236.0
008 260121s2025 xo hoc g n 000 0dslo
015 |a SNBA2026/05 
020 |a 9788097380458  |q (viazané) 
040 |a SNK  |b slo  |c SNK  |e rda 
041 0 |a slo 
043 |a e-xo--- 
044 |a xo  |c SK 
072 7 |a 94(437.6)  |x Dejiny Slovenska  |2 konspekt 
080 |a 94(100)"1939/1945"  |2 2011 
080 |a 94(437.6)"1944"  |2 2011 
080 |a 356.15  |2 2011 
080 |a 355.31  |2 2011 
080 |a 355.01-053.18  |2 2011 
080 |a (048.8)  |2 2011 
100 1 |a Maniak, Marcel,  |d 1975-  |4 aut  |9 56505 
245 1 0 |a Oslobodzovanie Slovenska  |b 226 dní bojov od Kalinova po Makov  |c Marcel Maniak 
246 3 0 |a 226 dní bojov od Kalinova po Makov 
246 3 |a Dvesto dvadsaťšesť dní bojov od Kalinova po Makov 
264 1 |a Poprad  |b TabitaArt  |c 2025 
300 |a 303 strán  |b faksimile, fotografie, portréty  |c 22 cm 
336 |a text  |b txt  |2 rdacontent 
336 |a statický obraz  |b sti  |2 rdacontent 
337 |a bez média  |b n  |2 rdamedia 
338 |a zväzok  |b nc  |2 rdacarrier 
366 |e 700 kusov 
500 |a Obsahuje poznámky pod čiarou, zoznam skratiek 
504 |a Obsahuje bibliografiu, bibliografické odkazy 
650 0 7 |a druhá svetová vojna (1939-1945)  |2 SNKPH  |9 169657 
650 0 7 |a Slovenské národné povstanie (1944)  |2 SNKPH  |9 177948 
650 0 7 |a partizáni  |2 SNKPH  |9 31601 
650 0 7 |a vojenské jednotky  |2 SNKPH  |9 70887 
650 0 7 |a vojnové obete  |2 SNKPH  |9 116047 
650 0 7 |a World War (1939-1945)  |2 SNKPHeng  |9 284172 
650 0 7 |a Slovak uprising (1944)  |2 SNKPHeng  |9 268548 
650 0 7 |a Guerrillas  |2 SNKPHeng  |9 315726 
650 0 7 |a Military units  |2 SNKPHeng  |9 491533 
650 0 7 |a War victims  |2 SNKPHeng  |9 355920 
655 7 |a monografie  |2 SNKPH  |9 70139 
655 7 |a Monographs  |2 SNKPHeng  |9 120675 
852 |a Slovenská národná knižnica 
919 |a 978-80-973804-5-8 
954 |a odborná, vedecká literatúra pôvodná (slovenská)  |2 lita 
958 |a NB 
958 |a BX 
999 |c 961527  |d 963457 
952 |a SNK  |b SNK  |c SNK_KF  |y PREZ  |7 8  |p 17A1583860  |o snkSC 213029  |i snk2026/1015  |8 0  |0 0  |1 0  |4 0  |d 2026-01-21  |l 0  |r 2026-02-24 10:22:01  |w 2026-02-24 
952 |a SNK  |b SNK  |y VYP  |7 0  |p 17A1583861  |o snkSC 213029 D1  |i snk2026/1016  |8 0  |0 0  |1 0  |4 0  |d 2026-01-21  |l 2  |m 1  |r 2026-05-13 12:17:48  |s 2026-04-16  |w 2026-02-24